Leading teams : setting the state for great performances

Bibliographic Details
Main Author: Hackman, Richard J.
Format: Book
Published: Boston, Mass : Harvard business school press , 2002
Subjects:

MARC

LEADER 00000cam a2200000 7i4500
001 0000012122
005 20050509.0
020 |a 1578513332 
040 |a INS 
090 0 0 |a HD57.7   |b H3362002 
100 1 |a Hackman, Richard J. 
245 1 0 |a Leading teams :   |b setting the state for great performances   |c Richard J. Hackman. 
260 |a Boston, Mass :   |b Harvard business school press ,   |c 2002 
300 |a xiii :   |b 312p ;   |c 24cm. 
650 0 0 |a Leadership 
650 0 0 |a Performance 
650 0 0 |a Teams in the workplace 
999 |a 0000012901   |b BOOK   |c Open Shelf   |e Default branch 
999 |a 0000012902   |b BOOK   |c Open Shelf   |e Default branch